Billboard Hot 100 #1 Hits of 1972 - Statistics

General Stats
  • This quiz has been taken 9 times
  • The average score is 29 of 53
Answer Stats
Issue Date #1 Hit Artist % Correct
January 15 American Pie Don McLean
100%
January 22 American Pie Don McLean
100%
January 29 American Pie Don McLean
100%
February 5 American Pie Don McLean
100%
March 25 A Horse With No Name America
86%
April 1 A Horse With No Name America
86%
April 8 A Horse With No Name America
86%
February 19 Without You Nilsson
86%
February 26 Without You Nilsson
86%
March 4 Without You Nilsson
86%
March 11 Without You Nilsson
86%
October 14 Ben Michael Jackson
71%
August 26 Brandy (You're a Fine Girl) Looking Glass
71%
March 18 Heart of Gold Neil Young
71%
July 29 Alone Again (Naturally) Gilbert O'Sullivan
57%
August 5 Alone Again (Naturally) Gilbert O'Sullivan
57%
August 12 Alone Again (Naturally) Gilbert O'Sullivan
57%
August 19 Alone Again (Naturally) Gilbert O'Sullivan
57%
September 2 Alone Again (Naturally) Gilbert O'Sullivan
57%
September 9 Alone Again (Naturally) Gilbert O'Sullivan
57%
November 4 I Can See Clearly Now Johnny Nash
57%
November 11 I Can See Clearly Now Johnny Nash
57%
November 18 I Can See Clearly Now Johnny Nash
57%
November 25 I Can See Clearly Now Johnny Nash
57%
July 8 Lean On Me Bill Withers
57%
July 15 Lean On Me Bill Withers
57%
July 22 Lean On Me Bill Withers
57%
February 12 Let's Stay Together Al Green
57%
October 21 My Ding-a-Ling Chuck Berry
57%
October 28 My Ding-a-Ling Chuck Berry
57%
June 10 The Candy Man Sammy Davis Jr.
57%
June 17 The Candy Man Sammy Davis Jr.
57%
June 24 The Candy Man Sammy Davis Jr.
57%
September 23 Baby, Don't Get Hooked On Me Mac Davis
43%
September 30 Baby, Don't Get Hooked On Me Mac Davis
43%
October 7 Baby, Don't Get Hooked On Me Mac Davis
43%
September 16 Black and White Three Dog Night
43%
January 1 Brand New Key Melanie
43%
January 8 Brand New Key Melanie
43%
June 3 I'll Take You There The Staple Singers
43%
December 16 Me and Mrs. Jones Billy Paul
43%
December 23 Me and Mrs. Jones Billy Paul
43%
December 30 Me and Mrs. Jones Billy Paul
43%
December 2 Papa Was a Rollin' Stone The Temptations
43%
May 27 Oh Girl The Chi-Lites
29%
July 1 Song Sung Blue Neil Diamond
29%
April 15 The First Time I Ever Saw Your Face Roberta Flack
14%
April 22 The First Time I Ever Saw Your Face Roberta Flack
14%
April 29 The First Time I Ever Saw Your Face Roberta Flack
14%
May 6 The First Time I Ever Saw Your Face Roberta Flack
14%
May 13 The First Time I Ever Saw Your Face Roberta Flack
14%
May 20 The First Time I Ever Saw Your Face Roberta Flack
14%
December 9 I Am A Woman Helen Reddy
0%
No matching quizzes found
Score Distribution
Percent of People with Each Score
Percentile by Number Answered
Your Score History
You have not taken this quiz